| 000 | 00523nam a22001697a 4500 | ||
|---|---|---|---|
| 999 |
_c10625 _d10625 |
||
| 003 | AR-CdUCM | ||
| 008 | 190401b ||||| |||| 00| 0 spa d | ||
| 040 |
_aMUNICIPALIDAD PROVINCIAL DEL CUSCO _cBIBLIOTECA MUNICIPAL DEL CUSCO |
||
| 082 |
_aEP / 888.5 / _bZ35 |
||
| 100 |
_aZapata Santillana, Everardo _927530 |
||
| 245 |
_aCoquito : _bcartilla de lectura B / |
||
| 260 |
_aLima : _bCoquito, |
||
| 300 |
_a64 páginas ; _bimágenes. _c28 cm. |
||
| 650 |
_aCartilla de lectura. _927591 |
||
| 942 |
_2ddc _cLIBROS |
||
| 945 | _awfj | ||